[Event "Ambelokipi op 86th"]
[Site "Athens"]
[Date "2008.04.07"]
[Round "1"]
[White "Korkoliakos, Nikolaos"]
[Black "Adoptante, Roderick"]
[Result "0-1"]
[WhiteElo "1671"]
[BlackElo "2146"]
[PlyCount "52"]
[EventDate "2008.04.07"]
[EventType "swiss"]
[EventRounds "7"]
[EventCountry "GRE"]
[SourceTitle "EXT 2010"]
[Source "ChessBase"]
[SourceDate "2010.11.25"]
[SourceVersion "1"]
[SourceVersionDate "2010.11.25"]
[SourceQuality "1"]

1. b3 e5 2. e4 Nc6 3. Bb2 Nf6 4. d3 Bc5 5. h3 0-0 6. Nf3 d6 7. Be2 Ne7 8. Nbd2 Ng6 9. d4 exd4 10. Bxd4 Bxd4 11. Nxd4 Re8 12. Bf3 d5 13. Qe2 dxe4 14. Nxe4 Nxe4 15. 0-0-0 Nc3 16. Qc4 Nxd1 17. Rxd1 c6 18. Nxc6 Qg5+ 19. Kb1 Be6 20. Qf1 bxc6 21. Bxc6 Qc5 22. Bxa8 Rxa8 23. f4 Rc8 24. c4 Qf5+ 25. Qd3 Qxd3+ 26. Rxd3 Bf5 0-1

[Event "Ambelokipi op 83rd"]
[Site "Athens"]
[Date "2007.12.08"]
[Round "3"]
[White "Megaloudis, Petros"]
[Black "Adoptante, Roderick"]
[Result "0-1"]
[WhiteElo "1842"]
[BlackElo "2136"]
[PlyCount "136"]
[EventDate "2007.12.01"]
[EventType "swiss"]
[EventRounds "7"]
[EventCountry "GRE"]
[SourceTitle "EXT 2024"]
[Source "ChessBase"]
[SourceDate "2023.10.10"]
[SourceVersion "1"]
[SourceVersionDate "2023.10.10"]
[SourceQuality "1"]

1. e4 g6 2. d4 Bg7 3. c3 d5 4. e5 c5 5. Bb5+ Nc6 6. Nf3 cxd4 7. cxd4 Bf5 8. Nc3 e6 9. 0-0 h6 10. h3 g5 11. Bd3 Nge7 12. Bxf5 Nxf5 13. Be3 0-0 14. Qd2 f6 15. exf6 Qxf6 16. Rad1 Nd6 17. b3 Rac8 18. Nh2 Nf5 19. Ng4 Qg6 20. Ne2 Rf7 21. Nh2 Rcf8 22. a3 a6 23. a4 Nd6 24. f3 a5 25. Bf2 Nb4 26. Bg3 Nf5 27. Bf2 Rc8 28. Rc1 Rfc7 29. Rxc7 Rxc7 30. Rc1 Qf7 31. g4 Rxc1+ 32. Nxc1 Ne7 33. Nd3 Nxd3 34. Qxd3 Nc6 35. Kg2 Qf6 36. Qb5 Qe7 37. Nf1 Qb4 38. Qd3 Kf7 39. Ng3 Nxd4 40. Bxd4 Qxd4 41. Qxd4 Bxd4 42. Kf1 Be5 43. Nh1 Bd4 44. Ke2 Kf6 45. Ng3 Ke5 46. Kd3 Bc5 47. Ne2 Kd6 48. Ng3 Ba3 49. Ne2 Bb2 50. Kc2 Bg7 51. Kd3 Kc5 52. f4 gxf4 53. Nxf4 Kd6 54. Nh5 Be5 55. h4 Ke7 56. Ke3 Kf7 57. Nf4 Bxf4+ 58. Kxf4 Kf6 59. Kf3 Ke5 60. Kg3 Kd4 61. h5 Ke5 62. g5 hxg5 63. Kg4 Kf6 64. h6 Kg6 65. h7 Kxh7 66. Kxg5 d4 67. Kf4 e5+ 68. Ke4 Kg6 0-1

[Event "Athens Siaperas Memorial 3rd"]
[Site "Athens"]
[Date "2007.02.24"]
[Round "5"]
[White "Adoptante, Roderick"]
[Black "Panagiotakos, Nikolaos"]
[Result "1/2-1/2"]
[WhiteElo "2164"]
[BlackElo "2042"]
[PlyCount "42"]
[EventDate "2007.02.10"]
[EventType "swiss"]
[EventRounds "7"]
[EventCountry "GRE"]
[SourceTitle "EXT 2008"]
[Source "ChessBase"]
[SourceDate "2007.11.25"]
[SourceVersion "1"]
[SourceVersionDate "2007.11.25"]
[SourceQuality "1"]

1. d4 Nf6 2. c4 e6 3. Nf3 b6 4. g3 Ba6 5. Qc2 Bb7 6. Bg2 c5 7. e3 cxd4 8. exd4 Nc6 9. 0-0 Be7 10. Nc3 d5 11. cxd5 Nxd5 12. Nxd5 Qxd5 13. Be3 Rc8 14. Qa4 b5 15. Qd1 0-0 16. Ne5 Qd6 17. a4 b4 18. a5 a6 19. Nc4 Qd8 20. Nb6 Rb8 21. d5 exd5 1/2-1/2

[Event "Athens Siaperas Memorial 3rd"]
[Site "Athens"]
[Date "2007.02.20"]
[Round "3"]
[White "Adoptante, Roderick"]
[Black "Efthimiou, Georgios"]
[Result "1/2-1/2"]
[WhiteElo "2164"]
[BlackElo "1874"]
[PlyCount "164"]
[EventDate "2007.02.10"]
[EventType "swiss"]
[EventRounds "7"]
[EventCountry "GRE"]
[SourceTitle "EXT 2008"]
[Source "ChessBase"]
[SourceDate "2007.11.25"]
[SourceVersion "1"]
[SourceVersionDate "2007.11.25"]
[SourceQuality "1"]

1. d4 Nf6 2. c4 e6 3. Nf3 b6 4. g3 Bb7 5. Bg2 c5 6. e3 cxd4 7. exd4 Bb4+ 8. Bd2 Bxd2+ 9. Nbxd2 0-0 10. 0-0 d5 11. Ne5 Nbd7 12. Rc1 Nxe5 13. dxe5 Nd7 14. Qe2 Ba6 15. b4 Rc8 16. b5 Bb7 17. cxd5 Bxd5 18. Bxd5 exd5 19. e6 fxe6 20. Qxe6+ Kh8 21. Qxd5 Rxc1 22. Rxc1 Qe8 23. Ne4 h6 24. Nd6 Qe7 25. Nf5 Qg5 26. Ne3 Qxd5 27. Nxd5 Nc5 28. Rc2 g5 29. Ne7 Re8 30. Re2 Kh7 31. Re3 Rd8 32. Ra3 Rd1+ 33. Kg2 g4 34. h3 h5 35. hxg4 hxg4 36. Nf5 Nd3 37. Ne3 Ne1+ 38. Kf1 Nc2+ 39. Nxd1 Nxa3 40. Nc3 Kg6 41. f3 gxf3 42. Kf2 Kf5 43. Kxf3 Kg5 44. g4 Kg6 45. Kf4 Kf6 46. g5+ Kg6 47. Kg4 Nc4 48. Kf4 Na3 49. Kg4 Nc4 50. Nd5 Ne5+ 51. Kf4 Nd3+ 52. Ke3 Nc5 53. Nc3 Kxg5 54. Ne4+ Kf5 55. Nxc5 bxc5 56. Kd3 Ke5 57. Kc4 Kd6 58. a4 a5 59. Kc3 Kd5 60. Kd3 c4+ 61. Ke3 Ke5 62. Ke2 Kd5 63. Kf3 Ke5 64. Ke3 Kd5 65. Kf3 Ke5 66. Kf2 Kd5 67. Ke2 Kc5 68. Kd2 Kd6 69. Ke3 Kd5 70. Kf4 Kd4 71. Kf3 Kd3 72. b6 c3 73. b7 c2 74. b8Q c1Q 75. Qd8+ Kc2 76. Qxa5 Qh1+ 77. Kg3 Qg1+ 78. Kf4 Qd4+ 79. Kf5 Kb3 80. Qb5+ Qb4 81. Ke5 Ka3 82. Kd5 Qxa4 1/2-1/2

[Event "Athens Siaperas Memorial 3rd"]
[Site "Athens"]
[Date "2007.02.12"]
[Round "1"]
[White "Adoptante, Roderick"]
[Black "Patrinos, Ilias"]
[Result "1-0"]
[WhiteElo "2164"]
[BlackElo "1942"]
[PlyCount "93"]
[EventDate "2007.02.10"]
[EventType "swiss"]
[EventRounds "7"]
[EventCountry "GRE"]
[SourceTitle "EXT 2008"]
[Source "ChessBase"]
[SourceDate "2007.11.25"]
[SourceVersion "1"]
[SourceVersionDate "2007.11.25"]
[SourceQuality "1"]

1. d4 d5 2. c4 e6 3. Nf3 c6 4. e3 Nf6 5. Bd3 dxc4 6. Bxc4 Bd6 7. Nc3 Nbd7 8. 0-0 0-0 9. a3 Qc7 10. Qc2 h6 11. Ne4 Nxe4 12. Qxe4 Nf6 13. Qh4 Nd7 14. e4 Re8 15. e5 Bf8 16. Be3 f6 17. Qh5 Re7 18. Qg6 Kh8 19. exf6 gxf6 20. Bxh6 Bxh6 21. Qxh6+ Rh7 22. Qg6 Qd6 23. Rfe1 Rg7 24. Qe8+ Nf8 25. Re4 Qe7 26. Qxe7 Rxe7 27. Rae1 Bd7 28. Nh4 Rg7 29. g3 b5 30. Bb3 a5 31. Ng2 b4 32. Nf4 a4 33. Bxe6 bxa3 34. bxa3 Rb8 35. Bc4 Rd8 36. Nh5 f5 37. Re7 Rxe7 38. Rxe7 Ng6 39. Rg7 Nf8 40. Rg8+ Kh7 41. Nf6+ Kh6 42. Nxd7 Rxd7 43. Rxf8 Rxd4 44. Rf6+ Kg5 45. Rxc6 Rd1+ 46. Kg2 Ra1 47. h4+ 1-0

[Event "Ambelokipi op 68th"]
[Site "Athens"]
[Date "2006.02.01"]
[Round "4"]
[White "Ponirakis, Dimitrios"]
[Black "Adoptante, Roderick"]
[Result "1/2-1/2"]
[WhiteElo "1982"]
[BlackElo "2177"]
[PlyCount "66"]
[EventDate "2006.01.29"]
[EventType "swiss"]
[EventRounds "6"]
[EventCountry "GRE"]
[SourceTitle "EXT 2007"]
[Source "ChessBase"]
[SourceDate "2006.11.23"]
[SourceVersion "1"]
[SourceVersionDate "2006.11.23"]
[SourceQuality "1"]

1. e4 g6 2. d4 Bg7 3. Nc3 d6 4. Be3 c6 5. Qd2 Qa5 6. Nf3 Nf6 7. Bd3 Ng4 8. Bg5 e5 9. d5 h6 10. Bh4 f5 11. h3 Nf6 12. Bxf6 Bxf6 13. h4 f4 14. 0-0-0 Be7 15. Kb1 Bd7 16. g3 fxg3 17. fxg3 Na6 18. Qe3 c5 19. Qe2 Nc7 20. Nd2 b5 21. Qe3 0-0-0 22. Rdf1 Be8 23. g4 Qb6 24. Be2 a5 25. g5 h5 26. Rh2 b4 27. Nc4 Qa7 28. Nd1 Nb5 29. Bd3 Nd4 30. c3 Nb5 31. a4 Nc7 32. b3 Na8 33. cxb4 axb4 1/2-1/2

[Event "Ambelokipi op 55th"]
[Site "Athens"]
[Date "2004.??.??"]
[Round "?"]
[White "Adoptante, Roderick"]
[Black "Kokkalis, Vasilios"]
[Result "1-0"]
[WhiteElo "2015"]
[BlackElo "2115"]
[PlyCount "73"]
[EventDate "2004.10.18"]
[EventType "swiss"]
[EventRounds "9"]
[EventCountry "GRE"]
[SourceTitle "EXT 2007"]
[Source "ChessBase"]
[SourceDate "2006.11.23"]
[SourceVersion "1"]
[SourceVersionDate "2006.11.23"]
[SourceQuality "1"]

1. d4 Nf6 2. c4 e6 3. Nf3 b6 4. Nc3 Bb4 5. Bd2 0-0 6. e3 d5 7. cxd5 exd5 8. Bd3 Bg4 9. h3 Bh5 10. g4 Bg6 11. Bxg6 fxg6 12. 0-0 Bxc3 13. Bxc3 Ne4 14. Kg2 Nd7 15. Nd2 Qh4 16. Nxe4 dxe4 17. f4 exf3+ 18. Rxf3 Nf6 19. Qb3+ Kh8 20. Raf1 h5 21. Rf4 Rfe8 22. Bd2 Qg5 23. e4 Rxe4 24. Rxe4 Qxd2+ 25. Rf2 Qxf2+ 26. Kxf2 Nxe4+ 27. Kg2 Rf8 28. Qd5 Nf6 29. Qe6 Re8 30. Qf7 hxg4 31. hxg4 Re2+ 32. Kf3 Rxb2 33. g5 Rb5 34. gxf6 Rf5+ 35. Ke4 Rxf6 36. Qxc7 a5 37. d5 1-0